Brady Bunch Celebrity Guest Stars Quiz Stats

Quiz Updated Mar 16, 2012

Also try: Brady Bunch
Challenge
Share
Tweet
Embed
Score 0/12 Timer 03:00
0 Plays Today
Episode Description Guest Star % Correct
Former Monkee - Marcia attempts to have him perform at her school dance. He eventually agrees to appear if Marcia will be his date.Davy Jones
82.8%
NFL quarterback famous for his guarantee of a victory before Super Bowl III. He visits Bobby because he was told that Bobby has a terminal illness.Joe Namath
75.7%
Hawaiian singer who meets Cindy, Peter, and Bobby in Honolulu.Don Ho
72.6%
Los Angeles Dodger pitcher who attempts to bring Greg back to reality after Greg professes his dream of being a professional baseball player.Don Drysdale
60.8%
Most famous for his horror film roles. He played an untrusting, villainous professor (Hubert Whitehead) in the last two of the three Hawaii episodes.Vincent Price
59.5%
Actor/singer whose parents were 'the Ricardos'. Marcia's diary gets mixed in with books for a charity drive, and Marcia fears that someone will find out she has a crush on him.Desi Arnaz Jr.
57%
Thurston Howell on Gilligan's Island. In the Grand Canyon episodes he played an old man who thinks the Brady's are stealing his gold claim and locks them in a ghost town jail.Jim Backus
52.1%
Actress best known for 'Your Show of Shows' with Sid Caesar. She played Aunt Jenny. After seeing a childhood photo of Aunt Jenny, Jan fears she will grow up to look like her.Imogene Coca
32.5%
Actress best known as Eunice 'Lovie' Wentworth Howell on Gilligan's Island. She played an eccentric client of Mike.Natalie Schafer
19.3%
Dodger 1st baseman whose girlfriend is Greg's math teacher. A crush on her makes Greg unable to concentrate. He promises Greg 2 tickets to Opening Day if he gets an A on his test.Wes Parker
14.3%
Actor who worked with Robert Reed on the 1960's show 'The Defenders' (he played lawyer Lawrence Preston). He appeared in one Brady episode as Marcia's principal.E.G. Marshall
10.1%
NASA Gemini 4 and Apollo 9 astronaut who appeared as himself as the guest on a talk show discussing UFOs. He signed autographs for Peter and Bobby after the talk show.James McDivitt
2.5%

You're not logged in!

Compare scores with friends on all Sporcle quizzes.
Join for Free
OR
Log In

You Might Also Like...

Show Comments

Extras

Top Quizzes Today


Score Distribution

Your Account Isn't Verified!

In order to create a playlist on Sporcle, you need to verify the email address you used during registration. Go to your Sporcle Settings to finish the process.

Report this User

Report this user for behavior that violates our Community Guidelines.

Details: